| 000 | 00372 a2200157 4500 | ||
|---|---|---|---|
| 001 | 160102 | ||
| 020 | _a | ||
| 040 | _cMagnum | ||
| 100 | _aSeber, Maria da Gloria | ||
| 240 | 1 | 0 |
_aConstrucao da inteligencia pela crianca/v.4 _lpor |
| 245 | 1 | 0 | _aConstrucao da inteligencia pela crianca/v.4 |
| 362 | 0 | _a1899 | |
| 440 | 1 | _aScipione | |
| 697 | _aPEDAGOGIA | ||
| 942 | _cBK | ||
| 999 |
_c160102 _d160102 |
||